000 01032cam a2200253Ma 4500
001 eljetonambr00ambr
003 CaSfIA
005 20210118004137.0
007 cr||||
008 811019s1976 es 000 0 spa d
040 _aUAB
_cUAB
_dCaSfIA
035 _a(OCoLC)461674149
050 4 _aPQ7539 A49
_bJ58 1976
100 1 _aAmbrogi, Arturo,
_d1878-1936.
245 1 3 _aEl jeton /
_h[electronic resource]
_cArturo Ambrogi.
260 _aSan Salvador :
_bUCA / Editores,
_c1976.
300 _a157 p. ;
_c20 cm.
490 0 _aColección Gavidia ; 2
490 0 _aSerie Narrativa
856 4 1 _uhttp://www.archive.org/details/eljetonambr00ambr
_zFree eBook from the Internet Archive
942 _cEB
506 _fНеобхідна авторизація на https://archive.org/ (створення облікового запису безкоштовно)
506 _fНеобхідна авторизація на https://openlibrary.org/ (створення облікового запису безкоштовно)
999 _c492200
_d492200